000 00890nam a2200277 a 4500
001 000028173
005 20260116073830.0
008 110407s2011 dr 001 0 spa d
020 _a9789945854732
040 _aDO-SdBNP
_bspa
_cBNPHU
082 _a158.1
_bH632d, 2011
100 1 _aHidalgo, Saulo
_9386
245 1 0 _aDel pozo al palacio /
_cSaulo Hidalgo ; prólogo Josu Iriondo.
250 _a5ª ed.
260 _aSanto Domingo :
_aSerigraf,
_c2011.
300 _a345 p. ;
_c22 cm.
500 _aSiete pasos para mejorar drásticamente su vida
590 _aInventariado, 2018/MFF
650 0 _aAutorrealización (Psicología)
_9211
650 0 _aAutoestima
_9212
650 4 _aToma de decisiones
_95494
650 4 _aÉtica cristiana
_9389
650 4 _aTécnicas de autoayuda
_9387
700 1 _aIriondo, Josu,
_epról.
_955173
910 _aValidado. Control de calidad EMS.
999 _c27665
_d27665